000 01415nam a2200265 a 4500
008 110112s2004 ||||||||||||||||| || u
020 _a9158684158
022 _a14049562
050 _aML 3760 Sou
100 _aThorsén, Stig-Magnus
245 1 0 _aSounds of change: social and political features of music in Africa
_c[edited by] Stig-Magnus Thorsén
260 _aStockholm
_bSIDA
_c2004
300 _a220p.: ill. + CD-ROM
350 _a0.00
490 _aSida studies, no. 12
500 _aAccompanied By CD-ROM [See Reference Librarian]
650 _aPOPULAR MUSIC--AFRICA--HISTORY AND CRITICISM
650 _aMUSIC--AFRICA--POLITICAL IMPACT
650 _aMUSIC
650 _aMUSIC--AFRICA--SOCIAL ASPECTS
995 _aANNEX COLLECTION (Main Library)
_D0.00
_e742357
_FCBU-MAIN LIBRARY (Kitwe)
_H1
_I0.00
_jML 3760 SOU
_M2
_UAVAILABLE
_WMar 9, 2011
_y742357
_ZAnnex Low-Usage Collection
995 _aMAIN LIBRARY OPEN ACCESS
_D0.00
_e742359
_FCBU-MAIN LIBRARY (Kitwe)
_H1
_I0.00
_jML 3760 SOU
_M4
_UAVAILABLE
_WMar 9, 2011
_y742359
_ZMain Library Open Access Collection
995 _aANNEX COLLECTION (Main Library)
_D0.00
_e742356
_FCBU-MAIN LIBRARY (Kitwe)
_H1
_I0.00
_jML 3760 SOU
_M1
_UAVAILABLE
_WMar 9, 2011
_y742356
_ZAnnex Low-Usage Collection
995 _aMAIN LIBRARY OPEN ACCESS
_D0.00
_e742358
_FCBU-MAIN LIBRARY (Kitwe)
_H1
_I0.00
_jML 3760 SOU
_M3
_UAVAILABLE
_WMar 9, 2011
_y742358
_ZMain Library Open Access Collection
999 _c76668
_d76668